000 01022nam a2200313 i 4500
003 EG-GICUC
005 20260121101334.0
008 251123s1954 |||ae||fr|||| 001 0 eng d
040 _aEG-GiCUC
_beng
_cEG-GiCUC
_dEG-GiCUC
_erda
041 _aeng
082 0 4 _221
_a330
_bTI. C
092 0 4 _221
099 _aLaw1 13 338.9 TI. C 1954
100 1 _atinbergen, J.
_eAuthor.
245 _aCentralization And Decentralization In Economic Policy/
_cJ.tinbergen.
264 _aAmsterdam:
_bNorth-holland Publishing Company,
_c1954.
300 _a80 pages :
_billustrations, Plans
_c24 cm
336 _2rda content
_atext
337 _2rda media
_aComputer
338 _2rda carrier
_aOnline Resource
490 _aContributions To Economic Analysis
_v6
500 _aIncluding illustrations, Plans Including Index P. 79-80
546 _aText in English
650 1 _aEconomy
650 1 _aEconomic Policy
856 4 0 _uhttps://fll.law.cu.edu.eg/fulltext/bks/B13-07463.pdf
905 _a72
942 _2ddc
_n0
_cBK
_e21
999 _c45439
_d45439